000 00555 a2200181 4500
999 _c5797
_d5797
010 _aENG-87047
020 _a0070648212
_c195.00
035 _aEN-70580
037 _bDBAD / PUB
082 1 4 _a005.13
100 _aVenugopal, K.R.
245 1 _aProblems and solutions in C++ /
_cby K.R.Venugopal [and] Chandrakant
260 _aNew Delhi
_bTata McGraw-Hill Publishing
_c2008
270 _a7, West Patel Nagar
_bNew Delhi
_e110 008
300 _axii, 237p
_c28cm (pbk)
500 _aIncludes index
942 _adpl
_cEN
_2ddc
_h005.13
_mVEN